<?xml version="1.0" encoding="UTF-8"?>
<record
    xmlns:xsi="http://www.w3.org/2001/XMLSchema-instance"
    xsi:schemaLocation="http://www.loc.gov/MARC21/slim http://www.loc.gov/standards/marcxml/schema/MARC21slim.xsd"
    xmlns="http://www.loc.gov/MARC21/slim">

  <leader>00835nam  22002533  4500</leader>
  <controlfield tag="001">202858</controlfield>
  <datafield tag="011" ind1=" " ind2=" ">
    <subfield code="a">3085-8011</subfield>
    <subfield code="d">Oferta </subfield>
    <subfield code="b">vol.05, n&#xBA;2-2026</subfield>
  </datafield>
  <datafield tag="021" ind1=" " ind2=" ">
    <subfield code="a">BR</subfield>
  </datafield>
  <datafield tag="090" ind1=" " ind2=" ">
    <subfield code="a">202858</subfield>
  </datafield>
  <datafield tag="100" ind1=" " ind2=" ">
    <subfield code="a">20251105d        u||y0pory50      ba</subfield>
  </datafield>
  <datafield tag="101" ind1=" " ind2=" ">
    <subfield code="a">por</subfield>
  </datafield>
  <datafield tag="102" ind1=" " ind2=" ">
    <subfield code="a">BR</subfield>
  </datafield>
  <datafield tag="200" ind1=" " ind2=" ">
    <subfield code="a">Aorta revista liter&#xE1;ria</subfield>
    <subfield code="f">Equipa editorial Alex Brito...[et. al.]</subfield>
    <subfield code="g">fotografias de Amanda &#xD2;dara</subfield>
  </datafield>
  <datafield tag="210" ind1=" " ind2=" ">
    <subfield code="a">Cama&#xE7;ari</subfield>
    <subfield code="c">Publisher-Alex Brito</subfield>
    <subfield code="d">2026</subfield>
  </datafield>
  <datafield tag="215" ind1=" " ind2=" ">
    <subfield code="a">54, [9] p.</subfield>
    <subfield code="c">il. ; brochado</subfield>
    <subfield code="d">30 cm</subfield>
  </datafield>
  <datafield tag="300" ind1=" " ind2=" ">
    <subfield code="a">. - Pensamento cr&#xED;tico : installation failed. Try later. / M&#xE1;rcia Vieira &#xC1;vila. - pag.48-51
</subfield>
  </datafield>
  <datafield tag="326" ind1=" " ind2=" ">
    <subfield code="a">. - Edi&#xE7;&#xE3;o trimestral</subfield>
  </datafield>
  <datafield tag="606" ind1=" " ind2=" ">
    <subfield code="9">10459</subfield>
    <subfield code="a">peri&#xF3;dicos</subfield>
  </datafield>
  <datafield tag="675" ind1=" " ind2=" ">
    <subfield code="a">050</subfield>
    <subfield code="v">PT</subfield>
    <subfield code="z">por</subfield>
  </datafield>
  <datafield tag="701" ind1=" " ind2=" ">
    <subfield code="9">14746</subfield>
    <subfield code="a">Brito</subfield>
    <subfield code="b">Alex</subfield>
  </datafield>
  <datafield tag="702" ind1=" " ind2=" ">
    <subfield code="9">14747</subfield>
    <subfield code="a">Gondim</subfield>
    <subfield code="b">Amanda</subfield>
  </datafield>
  <datafield tag="801" ind1=" " ind2=" ">
    <subfield code="a">PT</subfield>
    <subfield code="b">BMMN</subfield>
    <subfield code="g">RPC</subfield>
  </datafield>
  <datafield tag="830" ind1=" " ind2=" ">
    <subfield code="d">03/07/2026</subfield>
    <subfield code="g">03/07/2026</subfield>
  </datafield>
  <datafield tag="990" ind1=" " ind2=" ">
    <subfield code="c">PERIODICOS</subfield>
  </datafield>
  <datafield tag="995" ind1=" " ind2=" ">
    <subfield code="0">0</subfield>
    <subfield code="2">0</subfield>
    <subfield code="5">2026-07-03</subfield>
    <subfield code="9">32670</subfield>
    <subfield code="b">BMMN</subfield>
    <subfield code="f">32380</subfield>
    <subfield code="k">050 AOR|LG</subfield>
    <subfield code="o">0</subfield>
    <subfield code="r">PERIODICOS</subfield>
    <subfield code="c">BMMN</subfield>
    <subfield code="s">Oferta</subfield>
  </datafield>
</record>
